| 000 | 00725nam a2200217 a 4500 | ||
|---|---|---|---|
| 001 | 13017 | ||
| 003 | BD-JhCC | ||
| 005 | 20230613202146.0 | ||
| 008 | 230613b20172020bg |||| |||| 000 0 ben d | ||
| 020 | _a9789849190431 | ||
| 035 | _a(BD-JhCC)13017 | ||
| 040 |
_aBD-JhCC _dBD-JhCC |
||
| 041 | _aben | ||
| 082 |
_a320 _bCHO 2020 |
||
| 100 | _aচৌধুরী, সিরাজুল ইসলাম | ||
| 245 |
_aগণতন্ত্রের অমসৃণ পথ / _cসিরাজুল ইসলাম চৌধুরী |
||
| 260 |
_aঢাকা : _bচিত্রা প্রকাশনী, _c২০২০ |
||
| 300 |
_a১৬৭ পৃ. : _c২১ সেমি. |
||
| 650 | _aDemocracy | ||
| 942 |
_2ddc _cBK |
||
| 999 |
_c13017 _d13017 |
||